Responses for Show #1598 - Wednesday, July 10, 1991

1991 Seniors Tournament quarterfinal game 3.

Contestants

[<< previous game]

Val Sullivan, a retired history teacher from Brooklyn, New York

Lou Pryor, an attorney from New Canaan, Connecticut

Bill Lyons, a marine consultant from San Francisco, California

[next game >>]

Jeopardy! Round responses

STATE CAPITALS
SINGERS
FURNITURE
TV SPORTS
WORLD LEADERS
ASTROLOGY
    $100 1
Jefferson City

Val
    $100 6
Snooky Lanson

Val
    $100 26
a wardrobe

Lou
    $100 11
Howard Cosell

Lou
    $100 21
(Hosni) Mubarak

Bill
    $100 16
Taurus

Bill
    $200 2
Denver

Lou
    $200 7
Rudy Vallee

Val
    $200 27
a chair

Triple Stumper
    $200 12
Wide World of Sports

Val
    $200 22
(Margaret) Thatcher

Bill
    $200 17
Aries

Bill
    $300 3
Tallahassee

Bill
    $500 8
(Alex: Couldn't wait to get it out, could you?)
[The song was not reprised going into the break.]

Johnny Ray

Val
    $300 28
a mirror

Bill
    $300 13
Joe Garagiola

Lou
    $300 23
(King) Hussein

Lou
    $300 18
Scorpio

Bill
    $400 4
(Bill: What is Reno?)

Carson City

BillVal
    $400 9
June Christy

Triple Stumper
    $400 29
a secretary

Lou
    $400 14
wrestling

Val
    $400 24
Roosevelt, Churchill & Stalin

Val
    $400 19
Jupiter

Val
    $500 5
Albany

Lou
    $500 10
Yma Sumac

Lou
    $500 30
(Lou: What is [*] furniture?)

Shaker (Shakers)

Lou
    $500 15
Heidi

Val
    $500 25
(Pieter) Botha

Lou
    $500 20
Virgo

Lou

Scores at the first commercial break (after clue 15):

Bill Lou Val
-$100 $1,600 $2,400

Scores at the end of the Jeopardy! Round:

Bill Lou Val
$1,100 $3,900 $3,200

Double Jeopardy! Round responses

THE REVOLUTIONARY WAR
PUBLISHING
FLOWERS
SCIENTISTS
ORGANIZATIONS
FOREIGN WORDS & PHRASES
    $200 2
Benedict Arnold

Lou
    $200 20
the Government Printing Office

Val
    $200 26
the tiger lily

Bill
    $200 16
Linus Pauling

Bill
    $200 11
Sherlock Holmes

Val
    $200 1
the Dalai Lama

Val
    $400 3
Nathan Hale

Bill
    $400 21
Philadelphia

Triple Stumper
    $400 27
the pimpernel

Triple Stumper
    $400 17
Mendel

Val
    $400 12
the Organization of American States

Bill
    $400 7
a yenta

Val
    $600 4
the tax on tea

Val
    $600 22
Vogue

Lou
    $600 28
a lavender

Lou
    $600 18
Newton

Val
    $600 13
the Crimean War

Val
    $600 8
a troika

Lou
    $800 5
the 2nd Continental Congress

Val
    $800 23
(William) Jovanovich

Lou
    $800 29
the pansy

Triple Stumper
    $800 19
(Bill: Who is Telsa?)
(Lou: Who is Ampere?)

(Nikola) Tesla

BillLou
Triple Stumper
    $800 14
ASCAP

Val
    $800 9
mikado

Lou
    $1000 6
the Bonhomme Richard

Lou
    $1000 24
the San Francisco Examiner

Val
    $1000 30
lilacs

Lou
    $1000 25
Louis Pasteur

Bill
    $1000 15
the American Lung Association

Bill
    $1000 10
ambience

Lou

Scores at the end of the Double Jeopardy! Round:

Bill Lou Val
$3,500 $9,700 $9,000

Final Jeopardy! Round responses

AMERICAN AUTHORS
BillWho was Stephen Foster
$3,500
ValWho is EA Poe
$1,000
LouWho is E.A. Poe?
$500
Edgar Allan Poe

Final scores:

Bill Lou Val
$0 $10,200 $10,000
3rd place: $1,000 if eliminated Automatic semifinalist 2nd place: $1,000 if eliminated

Game dynamics:

Coryat scores:

Bill Lou Val
$3,500 $9,700 $8,800
13 R,
2 W
20 R
(including 2 DDs),
1 W
21 R
(including 1 DD),
0 W

Combined Coryat: $22,000

[game clues] [game scores] [suggest correction]

Game tape date: 1991-03-25
The J! Archive is created by fans, for fans. Scraping, republication, monetization, and malicious use prohibited; this site may use cookies and collect identifying information. See terms. The Jeopardy! game show and all elements thereof, including but not limited to copyright and trademark thereto, are the property of Jeopardy Productions, Inc. and are protected under law. This website is not affiliated with, sponsored by, or operated by Jeopardy Productions, Inc. Join the discussion at JBoard.tv.